| Tag |
First Indicator |
Second Indicator |
Subfields |
| LEADER |
00000cam a22000004a 4500 |
| 001 |
in00001536749 |
| 005 |
20151022051354.0 |
| 008 |
000417s1999 si a b 001 0 eng |
| 010 |
|
|
|a 99044793
|
| 020 |
|
|
|a 9810240880 (alk. paper)
|
| 035 |
|
|
|a (OCoLC)42290195
|
| 040 |
|
|
|a DLC
|c DLC
|d C#P
|d TXA
|d UtOrBLW
|
| 042 |
|
|
|a pcc
|
| 049 |
|
|
|a TXAM
|
| 050 |
0 |
0 |
|a QA39.2
|b .P44 1999
|
| 082 |
0 |
0 |
|a 510
|2 21
|
| 100 |
1 |
|
|a Penner, R. C.,
|d 1956-
|
| 245 |
1 |
0 |
|a Discrete mathematics :
|b proof techniques and mathematical structures /
|c R.C. Penner.
|
| 264 |
|
1 |
|a Singapore ;
|a River Edge, N.J. :
|b World Scientific,
|c [1999]
|
| 264 |
|
4 |
|c ©1999
|
| 300 |
|
|
|a xv, 469 pages :
|b illustrations ;
|c 26 cm.
|
| 336 |
|
|
|a text
|b txt
|2 rdacontent
|
| 337 |
|
|
|a unmediated
|b n
|2 rdamedia
|
| 338 |
|
|
|a volume
|b nc
|2 rdacarrier
|
| 504 |
|
|
|a Includes bibliographical references (page 455) and indexes.
|
| 650 |
|
0 |
|a Mathematics.
|
| 650 |
|
0 |
|a Computer science
|x Mathematics.
|
| 948 |
|
|
|a cataloged
|b h
|c 2000/4/17
|d c
|e pkellar
|f 8:59:38 am
|
| 994 |
|
|
|a E0
|b TXA
|
| 999 |
|
|
|a MARS
|
| 999 |
f |
f |
|s c5ac6d1b-a771-35db-97ea-53f25a4e9485
|i a9dc5cea-8fc6-307d-b0c3-481cc5d66379
|t 0
|
| 952 |
f |
f |
|p normal
|a Texas A&M University
|b College Station
|c Sterling C. Evans Library
|d Evans: Library Stacks
|t 0
|e QA39.2 .P44 1999
|h Library of Congress classification
|i unmediated -- volume
|m A14825873904
|
| 998 |
f |
f |
|a QA39.2 .P44 1999
|t 0
|l Evans: Library Stacks
|